000
00327nam a22001337a 4500
003
OSt
005
20140311163159.0
008
140227t xxu||||| |||| 00| 0 eng d
050
_a
TT 505
_b
.B341 1996
245
_a
Universe of Fashion:
_b
Chanel
300
_a
79 p. :
_b
ill. col. ;
_c
22 cm.
942
_2
lcc
_c
BK-GR
999
_c
42444
_d
42444